000 00284nam a22001337a 4500
008 170222b xxu||||| |||| 00| 0 eng d
020 _a0879091851
041 _aeng
080 _a616.31
100 _a5
101 _aSHS
245 _aDENTAL HYGIENE
_cPATTISON, A.M
942 _2udc
_cBK
999 _c6013
_d6013